[Event "Benasque op 44th"]
[Site "Benasque"]
[Date "2025.07.11"]
[Round "8"]
[White "Habans Aguerrea, Javier"]
[Black "Vocaturo, Daniele"]
[Result "0-1"]
[WhiteElo "2448"]
[BlackElo "2575"]
[PlyCount "112"]
[EventDate "2025.07.04"]
[EventType "swiss"]
[EventRounds "10"]
[EventCountry "ESP"]
[SourceTitle "CB29_2025"]
[SourceDate "2025.07.16"]
[SourceVersion "1"]
[SourceVersionDate "2025.07.16"]
[SourceQuality "1"]

1. c4 e5 2. Nc3 Bb4 3. Nd5 Be7 4. d4 exd4 5. Qxd4 Nf6 6. Nxe7 Qxe7 7. Bg5 Nc6 8. Qc3 d5 9. Bxf6 gxf6 10. cxd5 Nb4 11. Rd1 Nxa2 12. Qc4 Qb4+ 13. Qxb4 Nxb4 14. f3 Bd7 15. e4 0-0-0 16. Ne2 f5 17. Nc3 Rhe8 18. Be2 fxe4 19. fxe4 f5 20. exf5 Nc2+ 21. Kf2 Bxf5 22. Bf3 Nb4 23. Rhf1 Nd3+ 24. Kg1 Nxb2 25. Rd4 c5 26. Rf4 Bg6 27. h4 Nd3 28. Ra4 Kb8 29. h5 Bf7 30. Be4 Ne5 31. Rf5 Bg8 32. Rg5 h6 33. Rf5 Nf7 34. Rf6 Rd6 35. Rf4 Ng5 36. Bg6 Red8 37. Rf5 Bxd5 38. Nxd5 Rxd5 39. Rf6 R5d6 40. Rf5 b6 41. Rg4 a5 42. Kh2 Kc7 43. Kg3 Ne6 44. Re5 Nd4 45. Be8 Re6 46. Rxe6 Nxe6 47. Bb5 Rd6 48. Rg8 Nd4 49. Bd3 b5 50. Kf4 Ne6+ 51. Ke3 c4 52. Bg6 c3 53. Rh8 b4 54. Bc2 Nd4 55. Be4 b3 56. Rh7+ Rd7 0-1

[Event "Barcelona GM 06"]
[Site "Barcelona"]
[Date "2025.06.30"]
[Round "9"]
[White "Berdayes Ason, Dylan Isidro"]
[Black "Habans Aguerrea, Javier"]
[Result "0-1"]
[WhiteElo "2488"]
[BlackElo "2448"]
[PlyCount "106"]
[EventDate "2025.06.25"]
[EventType "tourn"]
[EventRounds "9"]
[EventCountry "ESP"]
[EventCategory "7"]
[SourceTitle "CB28_2025"]
[SourceDate "2025.07.09"]
[SourceVersion "1"]
[SourceVersionDate "2025.07.09"]
[SourceQuality "1"]

1. d4 Nf6 2. c4 e6 3. Nc3 Bb4 4. e3 d5 5. a3 Bxc3+ 6. bxc3 0-0 7. cxd5 exd5 8. Bd3 c5 9. f3 b6 10. Ne2 Ba6 11. 0-0 Bxd3 12. Qxd3 Re8 13. Ng3 Nc6 14. Bb2 h5 15. Rae1 cxd4 16. cxd4 h4 17. Nf5 h3 18. Ng3 Ne7 19. e4 hxg2 20. Kxg2 Ng6 21. Qd2 dxe4 22. fxe4 Nxe4 23. Nxe4 Rxe4 24. Rxe4 Qd5 25. Rfe1 Re8 26. Kg3 Rxe4 27. Rxe4 Qxe4 28. d5 Qh4+ 29. Kf3 Qh3+ 30. Ke4 Qg4+ 31. Kd3 Nf4+ 32. Kc3 Qf3+ 33. Kc4 Qf1+ 34. Kd4 Qf3 35. Kc4 f6 36. a4 Kf7 37. Qd4 Ke8 38. h4 Kd7 39. h5 Nxh5 40. Kb5 Qf1+ 41. Kb4 Nf4 42. Qe4 Kd6 43. Ba3 Qd3 44. Qc4 Qxc4+ 45. Kxc4+ Kd7 46. Kd4 Ng6 47. Ke4 Ne5 48. Bf8 g6 49. Bg7 Ke7 50. Kd4 Kf7 51. Bh6 g5 52. d6 Ke6 53. Bf8 Nf7 0-1

[Event "Barcelona GM 06"]
[Site "Barcelona"]
[Date "2025.06.30"]
[Round "8"]
[White "Habans Aguerrea, Javier"]
[Black "Mompel Ferruz, Xavier"]
[Result "1-0"]
[WhiteElo "2448"]
[BlackElo "2342"]
[PlyCount "63"]
[EventDate "2025.06.25"]
[EventType "tourn"]
[EventRounds "9"]
[EventCountry "ESP"]
[EventCategory "7"]
[SourceTitle "CB28_2025"]
[SourceDate "2025.07.09"]
[SourceVersion "1"]
[SourceVersionDate "2025.07.09"]
[SourceQuality "1"]

1. d4 d5 2. c4 e6 3. Nc3 Be7 4. cxd5 exd5 5. Bf4 c6 6. Qc2 Nf6 7. e3 Nh5 8. Bd3 Nxf4 9. exf4 Nd7 10. Nf3 Nf6 11. h3 0-0 12. 0-0-0 b5 13. Ne5 Bd7 14. Kb1 g6 15. g4 Rc8 16. Rhe1 a6 17. f5 Be8 18. Qd2 b4 19. Na4 Ne4 20. Bxe4 dxe4 21. Nc5 Qd5 22. Ned3 Bxc5 23. Nxc5 f6 24. Qf4 Bf7 25. b3 a5 26. Nxe4 Kg7 27. Nxf6 Kxf6 28. fxg6+ Kxg6 29. Re5 Kg7 30. Rxd5 cxd5 31. Qe5+ Kg8 32. f4 1-0

[Event "Barcelona GM 06"]
[Site "Barcelona"]
[Date "2025.06.28"]
[Round "6"]
[White "Habans Aguerrea, Javier"]
[Black "Cesar Maestre, Bernardo"]
[Result "1-0"]
[WhiteElo "2448"]
[BlackElo "2370"]
[PlyCount "63"]
[EventDate "2025.06.25"]
[EventType "tourn"]
[EventRounds "9"]
[EventCountry "ESP"]
[EventCategory "7"]
[SourceTitle "CB28_2025"]
[SourceDate "2025.07.09"]
[SourceVersion "1"]
[SourceVersionDate "2025.07.09"]
[SourceQuality "1"]

1. c4 e5 2. Nf3 Nc6 3. Nc3 Nf6 4. d3 d5 5. cxd5 Nxd5 6. g3 Be7 7. Bg2 Nb6 8. 0-0 0-0 9. b3 Bg4 10. Bb2 Qc8 11. Rc1 Rd8 12. Re1 f5 13. b4 Qe6 14. b5 Nd4 15. Na4 Qxa2 16. Bxd4 exd4 17. Rxc7 Nxa4 18. Rxe7 Rac8 19. h3 Bh5 20. Qa1 Rc2 21. Qxa2+ Rxa2 22. Rc1 Nc3 23. Nxd4 Nxe2+ 24. Nxe2 Rxe2 25. Rxb7 Re5 26. Rb1 Be8 27. Bc6 Bxc6 28. bxc6 Rc5 29. Rd7 Rc8 30. Rbb7 R5xc6 31. Rxg7+ Kf8 32. Rxh7 1-0

[Event "Titled Tuesday intern op 20th May Late"]
[Site "Chess.com INT"]
[Date "2025.05.20"]
[Round "8"]
[White "Abdurakhmanov, Mukhmmadali"]
[Black "Habans Aguerrea, Javier"]
[Result "1-0"]
[WhiteElo "2368"]
[BlackElo "2448"]
[PlyCount "67"]
[EventDate "2025.05.20"]
[EventType "swiss (blitz)"]
[EventRounds "11"]
[EventCountry "USA"]
[SourceTitle "CB22_2025"]
[SourceDate "2025.05.28"]
[SourceVersion "1"]
[SourceVersionDate "2025.05.28"]
[SourceQuality "1"]

1. d4 Nf6 2. Bg5 c5 3. d5 d6 4. Nc3 g6 5. Bxf6 exf6 6. e4 Bg7 7. Bd3 0-0 8. Nge2 Nd7 9. Ng3 Ne5 10. Be2 h5 11. h3 f5 12. exf5 h4 13. Nge4 gxf5 14. Nd2 Qg5 15. 0-0 Qf4 16. Bf3 Bd7 17. Ne2 Qg5 18. Kh1 Kh8 19. Rg1 Rg8 20. Nc1 Bh6 21. Nf1 Rae8 22. Nd3 Bg7 23. c3 Bb5 24. Be2 Bxd3 25. Bxd3 Qf4 26. Qc2 Nf3 27. g3 hxg3 28. Rxg3 Ne1 29. Qd1 Nxd3 30. Qh5+ Bh6 31. Rxd3 Rg6 32. Rf3 Reg8 33. Ng3 Qe4 34. Nxe4 1-0

[Event "Titled Tuesday intern op 20th May Late"]
[Site "Chess.com INT"]
[Date "2025.05.20"]
[Round "11"]
[White "Habans Aguerrea, Javier"]
[Black "Gubajdullin, Alexey"]
[Result "1-0"]
[WhiteElo "2448"]
[BlackElo "2227"]
[PlyCount "73"]
[EventDate "2025.05.20"]
[EventType "swiss (blitz)"]
[EventRounds "11"]
[EventCountry "USA"]
[SourceTitle "CB22_2025"]
[SourceDate "2025.05.28"]
[SourceVersion "1"]
[SourceVersionDate "2025.05.28"]
[SourceQuality "1"]

1. d4 Nf6 2. Bg5 e6 3. e4 h6 4. Bxf6 Qxf6 5. c3 d6 6. Bd3 g5 7. Ne2 Nd7 8. Ng3 Qg6 9. e5 Qg8 10. Qe2 dxe5 11. dxe5 Qg7 12. Nd2 Qxe5 13. Nde4 f5 14. Qh5+ Ke7 15. 0-0 fxe4 16. Nxe4 Nf6 17. Nxf6 Qxf6 18. f4 gxf4 19. g3 Qg5 20. Qe2 fxg3 21. Qf3 gxh2+ 22. Kh1 Bd7 23. Be4 Kd8 24. c4 Bd6 25. Rad1 Rf8 26. Qc3 Rf2 27. Rxf2 Ke7 28. Rg2 Qe5 29. Rg7+ Kf6 30. Qxe5+ Kxe5 31. Rxd7 Kxe4 32. c5 Bxc5 33. Rxc7 Be3 34. Re1 Rg8 35. Kxh2 Kf3 36. Rc3 Rg6 37. Rcxe3+ 1-0

[Event "Titled Tuesday intern op 20th May Late"]
[Site "Chess.com INT"]
[Date "2025.05.20"]
[Round "5"]
[White "Habans Aguerrea, Javier"]
[Black "Le, Quang Liem"]
[Result "0-1"]
[WhiteElo "2448"]
[BlackElo "2729"]
[PlyCount "100"]
[EventDate "2025.05.20"]
[EventType "swiss (blitz)"]
[EventRounds "11"]
[EventCountry "USA"]
[SourceTitle "CB22_2025"]
[SourceDate "2025.05.28"]
[SourceVersion "1"]
[SourceVersionDate "2025.05.28"]
[SourceQuality "1"]

1. d4 Nf6 2. Bg5 d5 3. Nf3 c5 4. e3 Qb6 5. Nbd2 Nc6 6. dxc5 Qxc5 7. c4 e6 8. cxd5 Nxd5 9. Bc4 Be7 10. Bxe7 Ndxe7 11. 0-0 0-0 12. Rc1 Qb6 13. Qb3 Qxb3 14. Nxb3 Rd8 15. Rfd1 Rxd1+ 16. Rxd1 Kf8 17. Kf1 b6 18. Nbd4 Nxd4 19. Rxd4 Nc6 20. Rd6 Na5 21. Be2 Ke7 22. Rd2 Bd7 23. Nd4 Rc8 24. Ke1 e5 25. Nb5 Rc1+ 26. Rd1 Rc2 27. Rd2 Rc1+ 28. Rd1 Rxd1+ 29. Kxd1 Nc6 30. Nc3 Be6 31. Bf3 Nb4 32. b3 f5 33. Kd2 g5 34. a3 Na6 35. b4 Nc7 36. Be2 Kd6 37. Nb5+ Nxb5 38. Bxb5 Bd5 39. g3 h6 40. Kc3 a5 41. Bd3 e4 42. Bc4 Ke5 43. Kb3 Bc6 44. Kc3 Bd5 45. Kb3 b5 46. Bxd5 a4+ 47. Kb2 Kxd5 48. Kc3 g4 49. Kd2 Kc4 50. Kc2 h5 0-1

[Event "Titled Tuesday intern op 20th May Late"]
[Site "Chess.com INT"]
[Date "2025.05.20"]
[Round "3"]
[White "Habans Aguerrea, Javier"]
[Black "Yilmaz, Mustafa"]
[Result "1-0"]
[WhiteElo "2448"]
[BlackElo "2586"]
[PlyCount "65"]
[EventDate "2025.05.20"]
[EventType "swiss (blitz)"]
[EventRounds "11"]
[EventCountry "USA"]
[SourceTitle "CB22_2025"]
[SourceDate "2025.05.28"]
[SourceVersion "1"]
[SourceVersionDate "2025.05.28"]
[SourceQuality "1"]

1. d4 Nf6 2. Bg5 e6 3. e4 h6 4. Bxf6 Qxf6 5. c3 d6 6. Bd3 Nd7 7. Ne2 b6 8. 0-0 Bb7 9. Nd2 Qe7 10. f4 g6 11. Qe1 Bg7 12. Qg3 Nf6 13. e5 Nd5 14. Ne4 0-0-0 15. a4 f5 16. exf6 Nxf6 17. Nxf6 Bxf6 18. a5 Bc6 19. axb6 axb6 20. Ra7 Kd7 21. d5 Bxd5 22. Bb5+ Bc6 23. Qd3 d5 24. Bxc6+ Kxc6 25. Nd4+ Bxd4+ 26. cxd4 Rc8 27. Qxg6 Kd7 28. f5 Rhg8 29. fxe6+ Kd6 30. Qxh6 Qg5 31. Qh3 Qg4 32. Qa3+ Kxe6 33. Qe3+ 1-0

[Event "Titled Tuesday intern op 20th May Late"]
[Site "Chess.com INT"]
[Date "2025.05.20"]
[Round "4"]
[White "Kosakowski, Jakub"]
[Black "Habans Aguerrea, Javier"]
[Result "0-1"]
[WhiteElo "2530"]
[BlackElo "2448"]
[PlyCount "86"]
[EventDate "2025.05.20"]
[EventType "swiss (blitz)"]
[EventRounds "11"]
[EventCountry "USA"]
[SourceTitle "CB22_2025"]
[SourceDate "2025.05.28"]
[SourceVersion "1"]
[SourceVersionDate "2025.05.28"]
[SourceQuality "1"]

1. e4 c6 2. d4 d5 3. e5 c5 4. Nf3 cxd4 5. Qxd4 Nc6 6. Qf4 g6 7. Nc3 d4 8. Nb5 Bh6 9. Qh4 Bxc1 10. Rxc1 a6 11. Nbxd4 Nxe5 12. c3 Nxf3+ 13. Nxf3 Nf6 14. Bc4 0-0 15. 0-0 Kg7 16. Rfe1 Qc7 17. Bb3 Bf5 18. Nd4 e6 19. h3 Rfe8 20. Re3 h6 21. f3 Rad8 22. Rce1 g5 23. Qf2 Bg6 24. h4 Qf4 25. hxg5 hxg5 26. Re5 g4 27. Qe3 Qg3 28. f4 Qh4 29. g3 Qh3 30. Qf2 Rh8 31. Qg2 Rh7 32. Rg5 Rdh8 33. Qxh3 Rxh3 34. f5 Kh6 35. fxg6 Kxg5 36. gxf7 Rh1+ 37. Kf2 R8h2+ 38. Ke3 Rxe1+ 39. Kd3 Nd7 40. Nxe6+ Rxe6 41. Bxe6 Nc5+ 42. Kd4 Nxe6+ 43. Kd5 Kf6 0-1

[Event "Titled Tuesday intern op 20th May Late"]
[Site "Chess.com INT"]
[Date "2025.05.20"]
[Round "7"]
[White "Kushko, Dmitriy"]
[Black "Habans Aguerrea, Javier"]
[Result "0-1"]
[WhiteElo "2454"]
[BlackElo "2448"]
[PlyCount "42"]
[EventDate "2025.05.20"]
[EventType "swiss (blitz)"]
[EventRounds "11"]
[EventCountry "USA"]
[SourceTitle "CB22_2025"]
[SourceDate "2025.05.28"]
[SourceVersion "1"]
[SourceVersionDate "2025.05.28"]
[SourceQuality "1"]

1. g3 d5 2. Bg2 Nf6 3. d3 e6 4. Nd2 c5 5. e4 Nc6 6. Ne2 b6 7. exd5 exd5 8. 0-0 Be7 9. c4 0-0 10. Nc3 Be6 11. Re1 Rc8 12. cxd5 Nxd5 13. Nc4 Ndb4 14. Rxe6 fxe6 15. Be4 Bf6 16. Qg4 Nxd3 17. Qxe6+ Kh8 18. Bxc6 Bxc3 19. Be4 Nxf2 20. Bc2 Bd4 21. Nd6 Ne4+ 0-1

[Event "Titled Tuesday intern op 01st Apr Late"]
[Site "Chess.com INT"]
[Date "2025.04.01"]
[Round "2"]
[White "Nakamura, Hikaru"]
[Black "Habans Aguerrea, Javier"]
[Result "1-0"]
[WhiteElo "2804"]
[BlackElo "2441"]
[PlyCount "119"]
[EventDate "2025.04.01"]
[EventType "swiss (blitz)"]
[EventRounds "11"]
[EventCountry "USA"]
[SourceTitle "CB15_2025"]
[SourceDate "2025.04.09"]
[SourceVersion "1"]
[SourceVersionDate "2025.04.09"]
[SourceQuality "1"]

1. b3 d5 2. Bb2 Nf6 3. d3 Bf5 4. Nd2 e6 5. g3 Be7 6. Bg2 h6 7. e4 Bh7 8. Nh3 c6 9. 0-0 a5 10. a3 0-0 11. Qe2 b5 12. f4 Na6 13. Kh1 Qb6 14. g4 dxe4 15. dxe4 Rad8 16. g5 hxg5 17. Nxg5 Bg6 18. Bf3 Bc5 19. Rae1 Bd4 20. c3 Be3 21. Qxe3 Qxe3 22. Rxe3 Rxd2 23. Bc1 Rc2 24. b4 axb4 25. cxb4 c5 26. Bg2 cxb4 27. axb4 Nxb4 28. Ba3 Rxg2 29. Bxb4 Rc2 30. Bxf8 Kxf8 31. f5 exf5 32. exf5 Bh5 33. h3 Rc5 34. Ra1 g6 35. Ra8+ Kg7 36. Ra7 Rc1+ 37. Kh2 gxf5 38. Ne6+ Kh6 39. Nd4 Bg6 40. Re5 Kg5 41. Rxb5 Ne4 42. Ra2 Rd1 43. Rg2+ Kf6 44. Rb6+ Ke5 45. Ne2 Rd2 46. Rb5+ Kf6 47. Nf4 Rd6 48. h4 Nc3 49. Rc5 Ne4 50. Ra5 Bh7 51. Nh5+ Ke7 52. Ra7+ Kf8 53. Rb2 Rd8 54. Nf4 Bg6 55. h5 Bh7 56. Rbb7 Ng5 57. Kg3 Bg8 58. Ra5 Ne4+ 59. Kh4 Rd4 60. Ne6+ 1-0

[Event "Titled Tuesday intern op 01st Apr Late"]
[Site "Chess.com INT"]
[Date "2025.04.01"]
[Round "5"]
[White "Pichot, Alan"]
[Black "Habans Aguerrea, Javier"]
[Result "1-0"]
[WhiteElo "2587"]
[BlackElo "2441"]
[PlyCount "91"]
[EventDate "2025.04.01"]
[EventType "swiss (blitz)"]
[EventRounds "11"]
[EventCountry "USA"]
[SourceTitle "CB21_2025"]
[SourceDate "2025.05.21"]
[SourceVersion "1"]
[SourceVersionDate "2025.05.21"]
[SourceQuality "1"]

1. Nf3 d5 2. b3 Nf6 3. Bb2 Bf5 4. g3 e6 5. Bg2 Be7 6. 0-0 h6 7. c4 0-0 8. d3 c6 9. Nbd2 a5 10. a3 Na6 11. Rc1 Bh7 12. Rc2 Nc5 13. Qa1 Rc8 14. Rfc1 Ncd7 15. Bc3 Qb6 16. Qb2 Ra8 17. h3 Rfc8 18. Bd4 Qd8 19. Ne5 Nxe5 20. Bxe5 Bf8 21. Nf3 Nd7 22. Bc3 Nc5 23. cxd5 cxd5 24. Nd4 Qb6 25. Bd2 Qd8 26. Nb5 Nd7 27. Rxc8 Rxc8 28. Rxc8 Qxc8 29. Bxa5 Bc5 30. a4 Qb8 31. Bc3 Bg6 32. Bxg7 Kh7 33. Bd4 Be7 34. Qc2 Qg8 35. Qc7 Qe8 36. Nd6 Bxd6 37. Qxd6 e5 38. Bb2 e4 39. Qxd5 exd3 40. exd3 Nf8 41. Qe5 Ne6 42. d4 Qf8 43. d5 Nd8 44. d6 Ne6 45. Bxb7 Qd8 46. Bd5 1-0

[Event "Titled Tuesday intern op 18th Mar Late"]
[Site "Chess.com INT"]
[Date "2025.03.18"]
[Round "4"]
[White "Bok, Benjamin"]
[Black "Habans Aguerrea, Javier"]
[Result "1-0"]
[WhiteElo "2592"]
[BlackElo "2441"]
[PlyCount "93"]
[EventDate "2025.03.18"]
[EventType "swiss (blitz)"]
[EventRounds "11"]
[EventCountry "USA"]
[SourceTitle "CB13_2025"]
[SourceDate "2025.03.26"]
[SourceVersion "1"]
[SourceVersionDate "2025.03.26"]
[SourceQuality "1"]

1. d4 Nf6 2. c4 e6 3. Nc3 Bb4 4. Qc2 0-0 5. a3 Bxc3+ 6. Qxc3 b6 7. Bg5 h6 8. Bh4 Ba6 9. Qf3 Nc6 10. e3 Na5 11. Rc1 c5 12. Bxf6 Qxf6 13. Qxf6 gxf6 14. d5 Rab8 15. Nh3 Rfc8 16. Nf4 f5 17. h3 Kf8 18. g4 e5 19. Nh5 b5 20. cxb5 Bxb5 21. Bxb5 Rxb5 22. b4 Nb3 23. Rc3 c4 24. gxf5 a5 25. Rg1 axb4 26. axb4 Rxd5 27. Nf6 Rd6 28. Rg8+ Ke7 29. Rxc8 Kxf6 30. R3xc4 Nd2 31. Rc2 Nf3+ 32. Ke2 e4 33. b5 Kxf5 34. Rb2 Rb6 35. Rc5+ Ke6 36. Rb4 f5 37. Kd1 Ne5 38. Rc2 Nd3 39. Rb3 Rd6 40. Ke2 Rb6 41. f3 Ke5 42. fxe4 fxe4 43. Rc8 Rf6 44. Kd2 Rb6 45. Kc3 d5 46. Re8+ Kd6 47. Kd4 1-0

[Event "Titled Tuesday intern op 11th Mar Late"]
[Site "Chess.com INT"]
[Date "2025.03.11"]
[Round "6"]
[White "Habans Aguerrea, Javier"]
[Black "Urazayev, Arystanbek"]
[Result "0-1"]
[WhiteElo "2441"]
[BlackElo "2467"]
[PlyCount "184"]
[EventDate "2025.03.11"]
[EventType "swiss (blitz)"]
[EventRounds "11"]
[EventCountry "USA"]
[SourceTitle "CB12_2025"]
[SourceDate "2025.03.19"]
[SourceVersion "1"]
[SourceVersionDate "2025.03.19"]
[SourceQuality "1"]

1. d4 Nf6 2. Bg5 Nc6 3. e3 e5 4. Nf3 e4 5. Nfd2 d5 6. c4 dxc4 7. Bxc4 Bf5 8. Qb3 Qd7 9. Bxf6 gxf6 10. Nc3 0-0-0 11. Bd5 Be6 12. Bxe6 fxe6 13. Ndxe4 f5 14. Ng5 Re8 15. d5 exd5 16. Qxd5 Bd6 17. Nf7 Rhg8 18. Nxd6+ cxd6 19. 0-0-0 Kb8 20. g3 Rg6 21. Kb1 a6 22. Rd2 Re5 23. Qf3 Qc7 24. Rhd1 Rc5 25. Nd5 Qa5 26. Qxf5 Rg8 27. Qf4 Rd8 28. Nc3 Ne5 29. b4 Qa3 30. bxc5 Qxc3 31. Rc2 Qa3 32. cxd6 Nd3 33. Rxd3 Qxd3 34. d7+ Ka8 35. Qd4 Qf1+ 36. Kb2 Qb5+ 37. Ka1 Qf1+ 38. Kb2 Qb5+ 39. Kc1 Qf1+ 40. Qd1 Qh3 41. Rd2 Qe6 42. Qc2 Kb8 43. Kb1 Rxd7 44. Rxd7 Qxd7 45. h4 h5 46. Kb2 a5 47. e4 Qd4+ 48. Kc1 a4 49. Kb1 b5 50. a3 Kb7 51. Kc1 Qa1+ 52. Kd2 Qxa3 53. e5 Qb4+ 54. Kd3 a3 55. e6 Qd6+ 56. Kc3 Qxe6 57. Qb3 Qe5+ 58. Kc2 Qc5+ 59. Kb1 b4 60. f4 Kc7 61. Ka2 Kd6 62. f5 Ke5 63. Qe6+ Kd4 64. Qb3 Ke4 65. Qe6+ Kf3 66. Kb3 Qc3+ 67. Ka4 Qc2+ 68. Kxb4 a2 69. Qd5+ Kg4 70. Qd4+ Kh3 71. g4 Qb1+ 72. Kc5 a1Q 73. Qe3+ Kxg4 74. Qg5+ Kf3 75. Qxh5+ Ke4 76. Qg4+ Ke3 77. Qg3+ Kd2 78. Qf2+ Kc1 79. Qe1+ Kb2 80. Qb4+ Kc2 81. Qe4+ Kb3 82. Qb4+ Kc2 83. Qe4+ Kd2 84. Qg2+ Ke3 85. Qg3+ Ke4 86. Qg4+ Ke5 87. Qg7+ Kxf5 88. Qg5+ Ke6 89. Qg8+ Kd7 90. Qf7+ Kc8 91. Qe8+ Kb7 92. Qd7+ Ka6 0-1

[Event "Titled Tuesday intern op 04th Mar Early"]
[Site "Chess.com INT"]
[Date "2025.03.04"]
[Round "2"]
[White "Bachmann, Axel"]
[Black "Habans Aguerrea, Javier"]
[Result "0-1"]
[WhiteElo "2570"]
[BlackElo "2441"]
[PlyCount "120"]
[EventDate "2025.03.04"]
[EventType "swiss (blitz)"]
[EventRounds "11"]
[EventCountry "USA"]
[SourceTitle "CB11_2025"]
[SourceDate "2025.03.12"]
[SourceVersion "1"]
[SourceVersionDate "2025.03.12"]
[SourceQuality "1"]

1. Nf3 d5 2. e3 Nf6 3. c4 e6 4. Nc3 Bd6 5. b3 b6 6. Bb2 0-0 7. Rc1 a6 8. g3 Bb7 9. Bg2 Nbd7 10. 0-0 dxc4 11. bxc4 c5 12. d4 cxd4 13. exd4 Rc8 14. Qb3 Qc7 15. Na4 Bc6 16. d5 Bxa4 17. Qxa4 exd5 18. cxd5 Bc5 19. Nd4 Qe5 20. Rfe1 Qh5 21. h3 Qg6 22. Nb3 h5 23. Bxf6 Nxf6 24. Nxc5 bxc5 25. Qxa6 h4 26. g4 Rcd8 27. Rxc5 Qg5 28. Qc4 Qd2 29. Qe2 Qd4 30. Qe3 Qb4 31. Rd1 Rfe8 32. Qc3 Qf4 33. Rc4 Qd6 34. g5 Nh5 35. Rxh4 Nf4 36. Qc2 g6 37. Bf3 Qe5 38. Qd2 Qxg5+ 39. Rg4 Nxh3+ 40. Kf1 Qf5 41. Qd3 Qe5 42. Kg2 Nf4+ 43. Rxf4 Qxf4 44. d6 Re5 45. d7 Rg5+ 46. Kf1 Rf5 47. Re1 Kh7 48. Re8 Rxd7 49. Qxd7 Qxf3 50. Qd2 Qh3+ 51. Ke2 Qf3+ 52. Ke1 Rd5 53. Qc2 Qh1+ 54. Ke2 Qh5+ 55. Ke1 Qh1+ 56. Ke2 Qh5+ 57. Ke3 Qg5+ 58. Kf3 Rf5+ 59. Ke2 Qg4+ 60. Kd2 Rxf2+ 0-1

[Event "Titled Tuesday intern op 04th Mar Early"]
[Site "Chess.com INT"]
[Date "2025.03.04"]
[Round "1"]
[White "Habans Aguerrea, Javier"]
[Black "Soria Delgado, Kadir"]
[Result "1-0"]
[WhiteElo "2441"]
[BlackElo "2260"]
[PlyCount "37"]
[EventDate "2025.03.04"]
[EventType "swiss (blitz)"]
[EventRounds "11"]
[EventCountry "USA"]
[SourceTitle "CB11_2025"]
[SourceDate "2025.03.12"]
[SourceVersion "1"]
[SourceVersionDate "2025.03.12"]
[SourceQuality "1"]

1. d4 Nf6 2. Bg5 Ne4 3. Bh4 g5 4. f3 gxh4 5. fxe4 c5 6. e3 Bh6 7. Nc3 Nc6 8. dxc5 Qa5 9. Qh5 Bxe3 10. Bc4 e6 11. Nf3 Bxc5 12. Qxh4 Bb4 13. Qf6 Rg8 14. 0-0 Be7 15. Qf4 Qc5+ 16. Kh1 Qxc4 17. Nd2 Qd4 18. Qxf7+ Kd8 19. Qxg8+ 1-0

[Event "Titled Tuesday intern op 04th Mar Early"]
[Site "Chess.com INT"]
[Date "2025.03.04"]
[Round "6"]
[White "Rakhmatullaev, Almas"]
[Black "Habans Aguerrea, Javier"]
[Result "1-0"]
[WhiteElo "2413"]
[BlackElo "2441"]
[PlyCount "63"]
[EventDate "2025.03.04"]
[EventType "swiss (blitz)"]
[EventRounds "11"]
[EventCountry "USA"]
[SourceTitle "CB11_2025"]
[SourceDate "2025.03.12"]
[SourceVersion "1"]
[SourceVersionDate "2025.03.12"]
[SourceQuality "1"]

1. e4 c6 2. d4 d5 3. exd5 cxd5 4. c4 Nf6 5. Nc3 Nc6 6. Nf3 a6 7. c5 Bg4 8. Be3 g6 9. Be2 Bg7 10. h3 Bxf3 11. Bxf3 e6 12. 0-0 0-0 13. Rb1 Nd7 14. b4 Qh4 15. Ne2 Rad8 16. a4 e5 17. Bxd5 exd4 18. Bf4 d3 19. Qxd3 Nf6 20. Bd6 Rfe8 21. Bxc6 bxc6 22. Nd4 Rc8 23. Nf3 Qh5 24. Qxa6 Ne4 25. Qd3 g5 26. Rfe1 Nc3 27. Rxe8+ Rxe8 28. Re1 Rxe1+ 29. Nxe1 Nxa4 30. Qe4 h6 31. Qxc6 Kh7 32. Qxa4 1-0

[Event "Roquetas de Mar op 36th"]
[Site "Roquetas de Mar"]
[Date "2025.01.05"]
[Round "6"]
[White "Habans Aguerrea, Javier"]
[Black "Cabezas Ayala, Ivan"]
[Result "1-0"]
[WhiteElo "2438"]
[BlackElo "2231"]
[PlyCount "45"]
[EventDate "2025.01.02"]
[EventType "swiss"]
[EventRounds "9"]
[EventCountry "ESP"]
[SourceTitle "CB02_2025"]
[SourceDate "2025.01.08"]
[SourceVersion "1"]
[SourceVersionDate "2025.01.08"]
[SourceQuality "1"]

1. c4 e6 2. Nc3 d5 3. d4 a6 4. cxd5 exd5 5. Qb3 Nf6 6. Bg5 c6 7. e4 dxe4 8. Bc4 Qe7 9. a4 Nbd7 10. Nge2 h6 11. Bxf6 Nxf6 12. 0-0 Qc7 13. f3 exf3 14. Ng3 Be6 15. Bxe6 fxe6 16. Qxe6+ Qe7 17. Qf5 Qd7 18. Rae1+ Kf7 19. Qxf3 Be7 20. Nf5 Rhe8 21. Ne4 Kg8 22. Nxh6+ Kh7 23. Nf5 1-0

[Event "Sant Boi de Llobregat op 5th"]
[Site "Sant Boi de Llobregat"]
[Date "2024.12.05"]
[Round "7"]
[White "Henriquez Villagra, Cristobal"]
[Black "Habans Aguerrea, Javier"]
[Result "1-0"]
[WhiteElo "2594"]
[BlackElo "2402"]
[PlyCount "70"]
[EventDate "2024.11.29"]
[EventType "swiss"]
[EventRounds "10"]
[EventCountry "ESP"]
[SourceTitle "CB50_2024"]
[SourceDate "2024.11.01"]
[SourceVersion "1"]
[SourceVersionDate "2024.11.01"]
[SourceQuality "2"]

1. Nf3 d5 2. g3 Nc6 3. d4 Bf5 4. Bg2 Nb4 5. Na3 e6 6. Nh4 Bg4 7. 0-0 Be7 8. Nf3 Nf6 9. Ne5 Bh5 10. h3 Nc6 11. c4 0-0 12. cxd5 exd5 13. f4 h6 14. g4 Bg6 15. f5 Bh7 16. Bf4 Bd6 17. Nb5 Re8 18. Rc1 Nxe5 19. dxe5 Bxe5 20. Nxc7 Bxc7 21. Rxc7 Re7 22. Qc2 h5 23. Bf3 hxg4 24. hxg4 Ne4 25. Rc1 Re8 26. Qd3 g6 27. Rxf7 Kxf7 28. Rc7+ Kg8 29. Qd4 Qf6 30. Qxd5+ Kh8 31. Bxe4 Rad8 32. Qxb7 Bg8 33. fxg6 Be6 34. Bd3 Rxd3 35. Qe4 Rdd8 1-0

[Event "Sant Boi de Llobregat op 5th"]
[Site "Sant Boi de Llobregat"]
[Date "2024.11.30"]
[Round "2"]
[White "Habans Aguerrea, Javier"]
[Black "Charvi, A."]
[Result "1-0"]
[WhiteElo "2402"]
[BlackElo "1916"]
[PlyCount "71"]
[EventDate "2024.11.29"]
[EventType "swiss"]
[EventRounds "10"]
[EventCountry "ESP"]
[SourceTitle "CB50_2024"]
[SourceDate "2024.11.01"]
[SourceVersion "1"]
[SourceVersionDate "2024.11.01"]
[SourceQuality "2"]

1. c4 Nf6 2. Nc3 d5 3. cxd5 Nxd5 4. g3 g6 5. Bg2 Nxc3 6. bxc3 Bg7 7. h4 h5 8. Nh3 Nd7 9. Ng5 Nf6 10. 0-0 0-0 11. d4 c6 12. e4 a5 13. a4 Bg4 14. Qb3 Qc8 15. Rb1 Be2 16. Re1 Bd3 17. Rb2 b5 18. e5 Bc4 19. Qc2 Nd5 20. axb5 cxb5 21. Bxd5 Bxd5 22. Rxb5 Bc4 23. Rc5 Qa6 24. Ba3 Ra7 25. Re3 Rb7 26. Re1 Rfb8 27. Qa4 Rb1 28. Bc1 Bb3 29. Qd7 a4 30. Rc6 Qb5 31. e6 f6 32. Rc8+ Bf8 33. Qxe7 fxg5 34. Qf7+ Kh8 35. Qxf8+ Kh7 36. Qh8# 1-0